[Event "Berkshire Berks & Bucks op-D"]
[Site "Berkshire"]
[Date "2023.08.28"]
[Round "5"]
[White "Green, George DA"]
[Black "Lloyd, Jon D"]
[Result "1/2-1/2"]
[WhiteElo "1806"]
[BlackElo "1843"]
[PlyCount "87"]
[EventDate "2023.08.26"]
[EventType "swiss"]
[EventRounds "6"]
[EventCountry "ENG"]
[SourceTitle "EXT 2024"]
[Source "ChessBase"]
[SourceDate "2023.10.10"]
[SourceVersion "1"]
[SourceVersionDate "2023.10.10"]
[SourceQuality "1"]

1. Nf3 Nf6 2. c4 c5 3. Nc3 g6 4. g3 Bg7 5. Bg2 Nc6 6. d4 cxd4 7. Nxd4 0-0 8. 0-0 Nxd4 9. Qxd4 d6 10. Qd3 Nd7 11. b3 Nc5 12. Qc2 Bf5 13. Qd2 Ne4 14. Bxe4 Bxe4 15. Bb2 Bc6 16. Nd5 Bxb2 17. Qxb2 b5 18. Qd4 bxc4 19. Qxc4 Rc8 20. Qd4 Bxd5 21. Qxd5 Rc5 22. Qd2 Qc7 23. Rac1 Rc8 24. Rxc5 Qxc5 25. e3 e6 26. Rb1 d5 27. Rb2 h5 28. Kg2 Kf8 29. Qd4 Qxd4 30. exd4 Rc3 31. Rd2 Ke7 32. Kf1 Kd6 33. Ke2 f6 34. f4 h4 35. Rd3 Rc2+ 36. Rd2 Rc7 37. Kf3 Rc3+ 38. Kf2 hxg3+ 39. hxg3 Rc1 40. Ke3 Re1+ 41. Kf2 Re4 42. Kf3 Kc6 43. a3 Kd6 44. Kf2 1/2-1/2

[Event "Berkshire Berks & Bucks op-D"]
[Site "Berkshire"]
[Date "2023.08.27"]
[Round "4"]
[White "Swiatkowski, Aram"]
[Black "Green, George DA"]
[Result "1-0"]
[WhiteElo "1749"]
[BlackElo "1806"]
[PlyCount "97"]
[EventDate "2023.08.26"]
[EventType "swiss"]
[EventRounds "6"]
[EventCountry "ENG"]
[SourceTitle "EXT 2024"]
[Source "ChessBase"]
[SourceDate "2023.10.10"]
[SourceVersion "1"]
[SourceVersionDate "2023.10.10"]
[SourceQuality "1"]

1. e4 c5 2. Nc3 g6 3. f4 Bg7 4. Nf3 d6 5. Bc4 Nf6 6. d3 0-0 7. 0-0 Nc6 8. Qe1 a6 9. a3 b5 10. Bb3 Bb7 11. Nd5 e6 12. Ne3 Qb6 13. c3 c4 14. dxc4 bxc4 15. Bxc4 Nxe4 16. Kh1 Nc5 17. b4 Ne4 18. Bb2 Rac8 19. Bd3 d5 20. Bxe4 dxe4 21. Nc4 Qc7 22. Nfd2 Ne7 23. Na5 f5 24. Nxb7 Qxb7 25. Nb3 Nd5 26. Rc1 Qb6 27. Qf2 e3 28. Qe1 Qb8 29. Nd4 Rfe8 30. c4 Nxf4 31. Qxe3 e5 32. Nf3 Rcd8 33. Rcd1 Rxd1 34. Rxd1 e4 35. Nd4 Qc7 36. c5 Be5 37. Qb3+ Kh8 38. Qa4 Rd8 39. Kg1 Bxd4+ 40. Bxd4+ Rxd4 41. Rxd4 Ne2+ 42. Kf2 Nxd4 43. Ke3 Qe5 44. g3 Qf6 45. Qe8+ Kg7 46. Qd7+ Kh6 47. Qxd4 Qg5+ 48. Kf2 Qc1 49. Qe3+ 1-0

[Event "BCF-chT4S 1920 (4NCL)"]
[Site "England"]
[Date "2020.01.12"]
[Round "4.113"]
[White "Homolka, Vincent"]
[Black "Green, George DA"]
[Result "1/2-1/2"]
[WhiteElo "1743"]
[BlackElo "1570"]
[PlyCount "45"]
[EventDate "2019.11.09"]
[EventType "team-swiss"]
[EventRounds "11"]
[EventCountry "ENG"]
[SourceTitle "EXT 2022"]
[Source "ChessBase"]
[SourceDate "2021.10.06"]
[SourceVersion "1"]
[SourceVersionDate "2021.10.06"]
[SourceQuality "1"]
[WhiteTeam "CSC III"]
[BlackTeam "The Pitstop"]
[WhiteTeamCountry "ENG"]
[BlackTeamCountry "ENG"]

1. e4 d6 2. g3 g6 3. Bg2 Bg7 4. d4 Nf6 5. Ne2 0-0 6. 0-0 c5 7. c3 Qc7 8. h3 Na6 9. Be3 Rb8 10. Na3 b5 11. Rc1 Qa5 12. Qb3 Be6 13. d5 Bd7 14. Ra1 Rfc8 15. Rfc1 Qc7 16. Qd1 b4 17. cxb4 Rxb4 18. Rab1 Rcb8 19. Nc4 Ne8 20. b3 Qc8 21. Kh2 Qd8 22. Bd2 R4b7 23. Bc3 1/2-1/2

[Event "BCF-chT4S 1920 (4NCL)"]
[Site "England"]
[Date "2019.11.09"]
[Round "1.53"]
[White "Green, George DA"]
[Black "Kouis, Marios"]
[Result "0-1"]
[WhiteElo "1570"]
[BlackElo "1771"]
[PlyCount "90"]
[EventDate "2019.11.09"]
[EventType "team-swiss"]
[EventRounds "11"]
[EventCountry "ENG"]
[SourceTitle "EXT 2022"]
[Source "ChessBase"]
[SourceDate "2021.10.06"]
[SourceVersion "1"]
[SourceVersionDate "2021.10.06"]
[SourceQuality "1"]
[WhiteTeam "The Pitstop"]
[BlackTeam "Celtic Tigers II"]
[WhiteTeamCountry "ENG"]
[BlackTeamCountry "ENG"]

1. Nf3 Nf6 2. c4 g6 3. Nc3 Bg7 4. g3 d6 5. Bg2 0-0 6. 0-0 e5 7. d4 Nc6 8. dxe5 dxe5 9. Qxd8 Rxd8 10. Bg5 Be6 11. Bxf6 Bxf6 12. Ne4 Be7 13. b3 h6 14. Rfd1 f5 15. Nc3 e4 16. Nd2 Rd7 17. Nf1 Rad8 18. Rxd7 Rxd7 19. Rd1 Nd4 20. Ne3 c6 21. Kf1 Bb4 22. Ncd5 cxd5 23. Rxd4 Bc5 24. Rd1 Bxe3 25. fxe3 dxc4 26. Rxd7 Bxd7 27. bxc4 Be6 28. g4 Kg7 29. Ke1 Bxc4 30. a3 b5 31. Kd2 a5 32. gxf5 gxf5 33. Bf1 b4 34. axb4 axb4 35. Bh3 Kf6 36. Kc2 Ke5 37. Kd2 Be6 38. Kc2 Kd5 39. Kb2 Kc4 40. Bf1 Kc5 41. Bg2 Kd6 42. Bh3 Ke5 43. Bf1 f4 44. Bg2 Bc4 45. Bh3 f3 0-1

[Event "BCF-chT4S 1718 (4NCL)"]
[Site "England"]
[Date "2018.02.10"]
[Round "5.93"]
[White "Green, George DA"]
[Black "McMahon, Paul"]
[Result "1/2-1/2"]
[WhiteElo "1531"]
[BlackElo "1964"]
[PlyCount "57"]
[EventDate "2017.11.11"]
[EventType "team-swiss"]
[EventRounds "11"]
[EventCountry "ENG"]
[SourceTitle "EXT 2020"]
[Source "ChessBase"]
[SourceDate "2019.10.17"]
[SourceVersion "1"]
[SourceVersionDate "2019.10.17"]
[SourceQuality "1"]
[WhiteTeam "The Pitstop"]
[BlackTeam "Poisoned Pawns II"]
[WhiteTeamCountry "ENG"]
[BlackTeamCountry "ENG"]

1. Nf3 Nc6 2. d4 d5 3. c4 e6 4. Nc3 Nf6 5. Bg5 Be7 6. e3 0-0 7. Bd3 dxc4 8. Bxc4 Nd5 9. Bxe7 Ncxe7 10. 0-0 Ng6 11. Rc1 c6 12. a3 a5 13. Qc2 Qe7 14. Rfd1 Bd7 15. Bd3 Rfc8 16. Ne4 b6 17. Qd2 e5 18. Ng3 exd4 19. exd4 Re8 20. Re1 Qf6 21. Ne4 Qf4 22. Qxf4 Ngxf4 23. Bf1 Ne6 24. Ne5 Rad8 25. Nd6 Re7 26. Nf5 Ree8 27. Nd6 Re7 28. Nf5 Ree8 29. Nd6 1/2-1/2

[Event "BCF-chT4S 1718 (4NCL)"]
[Site "England"]
[Date "2017.11.12"]
[Round "2.63"]
[White "Green, George DA"]
[Black "Williamson, Kevin J"]
[Result "0-1"]
[WhiteElo "1531"]
[BlackElo "1903"]
[PlyCount "88"]
[EventDate "2017.11.11"]
[EventType "team-swiss"]
[EventRounds "11"]
[EventCountry "ENG"]
[SourceTitle "EXT 2020"]
[Source "ChessBase"]
[SourceDate "2019.10.17"]
[SourceVersion "1"]
[SourceVersionDate "2019.10.17"]
[SourceQuality "1"]
[WhiteTeam "The Pitstop"]
[BlackTeam "MK Phoenix II"]
[WhiteTeamCountry "ENG"]
[BlackTeamCountry "ENG"]

1. Nf3 d5 2. d4 Nc6 3. c4 Bg4 4. e3 e6 5. cxd5 exd5 6. Be2 Nf6 7. 0-0 Bd6 8. Nc3 0-0 9. Qb3 Rb8 10. h3 Be6 11. a3 Ne4 12. Qc2 f5 13. b4 Nxc3 14. Qxc3 h6 15. Bd2 Ne7 16. Ne5 Bxe5 17. dxe5 c6 18. f3 g5 19. b5 cxb5 20. Bxb5 Rc8 21. Qd4 a6 22. Bd3 Nc6 23. Qb2 Qc7 24. Bc3 Qf7 25. Rab1 Rc7 26. Rbc1 Rfc8 27. Rc2 f4 28. Bd4 fxe3 29. Bb6 Rd7 30. Bxe3 d4 31. Bf2 Rdd8 32. Rfc1 Nxe5 33. Rxc8 Bxc8 34. Be4 Nc4 35. Qe2 b5 36. a4 Bf5 37. Qd3 Bxe4 38. Qxe4 d3 39. Rd1 d2 40. Qc2 bxa4 41. Qc3 a3 42. Be3 Nxe3 43. Qxe3 a2 44. Qa3 Qe6 0-1

[Event "BCF-chT4S 1617 (4NCL)"]
[Site "England"]
[Date "2017.03.18"]
[Round "7.103"]
[White "Balouka Myers, Reuben"]
[Black "Green, George DA"]
[Result "1-0"]
[WhiteElo "1675"]
[BlackElo "1840"]
[PlyCount "75"]
[EventDate "2016.11.26"]
[EventType "team-swiss"]
[EventRounds "11"]
[EventCountry "ENG"]
[SourceTitle "EXT 2019"]
[Source "ChessBase"]
[SourceDate "2018.10.10"]
[SourceVersion "1"]
[SourceVersionDate "2018.10.10"]
[SourceQuality "1"]
[WhiteTeam "Barnet Knights II"]
[BlackTeam "The Pitstop"]
[WhiteTeamCountry "ENG"]
[BlackTeamCountry "ENG"]

1. Nf3 Nf6 2. g3 d5 3. Bg2 c6 4. 0-0 Nbd7 5. d4 Qc7 6. Bf4 Qb6 7. b3 e6 8. Nbd2 c5 9. e3 Be7 10. c4 0-0 11. a3 a5 12. Qc2 h6 13. Rfc1 Qa7 14. Rab1 b6 15. Ne5 Bb7 16. dxc5 bxc5 17. Ndf3 dxc4 18. Qxc4 Bd5 19. Qc3 Ne4 20. Qc2 Ndf6 21. Nd2 Qb7 22. Ndc4 g5 23. f3 gxf4 24. fxe4 Nxe4 25. exf4 Rfd8 26. Qe2 Nf6 27. Bxd5 Qxd5 28. Rd1 Qe4 29. Qxe4 Nxe4 30. Nc6 Rxd1+ 31. Rxd1 Bf6 32. N4xa5 Nc3 33. Rd7 Nd5 34. Nc4 Ra6 35. N6e5 Be7 36. f5 Kf8 37. fxe6 Rxe6 38. Rxd5 1-0

[Event "BCF-chT4 0708 (4NCL)"]
[Site "England"]
[Date "2008.05.05"]
[Round "11.2"]
[White "Fathallah, Joe"]
[Black "Green, George DA"]
[Result "1-0"]
[WhiteElo "1970"]
[BlackElo "1965"]
[PlyCount "95"]
[EventDate "2007.09.15"]
[EventType "team-swiss"]
[EventRounds "11"]
[EventCountry "ENG"]
[SourceTitle "EXT 2009"]
[Source "ChessBase"]
[SourceDate "2008.11.26"]
[SourceVersion "1"]
[SourceVersionDate "2008.11.26"]
[SourceQuality "1"]
[WhiteTeam "Celtic Tigers II"]
[BlackTeam "AMCA Hippos"]
[WhiteTeamCountry "ENG"]
[BlackTeamCountry "ENG"]

1. d4 d5 2. c4 e6 3. Nc3 Nf6 4. cxd5 exd5 5. Bg5 Be7 6. e3 0-0 7. Bd3 c6 8. Qc2 Nbd7 9. Nge2 Re8 10. 0-0 h6 11. Bh4 Ne4 12. Bxe7 Qxe7 13. Bxe4 dxe4 14. Ng3 Nf6 15. Rfd1 Bg4 16. Rd2 Rad8 17. h3 Bc8 18. Rad1 Qe6 19. Na4 Qxa2 20. Nc5 Qd5 21. Ra1 a6 22. Ra3 Re7 23. Rb3 Rde8 24. Rd1 Qg5 25. Ra1 h5 26. Ra5 h4 27. Nxb7 Qg6 28. Nd6 hxg3 29. Nxe8 gxf2+ 30. Qxf2 Rxe8 31. Rc5 Nd5 32. Qc2 Bxh3 33. Rxc6 Qg3 34. Qf2 Qg5 35. Rxa6 Rc8 36. Ra1 Be6 37. Rba3 Nb4 38. Ra5 Qd8 39. Qf4 Bd5 40. Qf5 g6 41. Qe5 Rc2 42. Rb5 Qf8 43. Rxb4 Qxb4 44. Qxd5 Qe7 45. b4 Rb2 46. b5 Qf6 47. Qxe4 Rxb5 48. Qe8+ 1-0

[Event "BCF-chT4 0708 (4NCL)"]
[Site "England"]
[Date "2008.02.09"]
[Round "5.3"]
[White "Paul, Barnaby J"]
[Black "Green, George DA"]
[Result "1/2-1/2"]
[WhiteElo "1670"]
[BlackElo "1965"]
[PlyCount "45"]
[EventDate "2007.09.15"]
[EventType "team-swiss"]
[EventRounds "11"]
[EventCountry "ENG"]
[SourceTitle "EXT 2009"]
[Source "ChessBase"]
[SourceDate "2008.11.26"]
[SourceVersion "1"]
[SourceVersionDate "2008.11.26"]
[SourceQuality "1"]
[WhiteTeam "Conquistadors II"]
[BlackTeam "AMCA Hippos"]
[WhiteTeamCountry "ENG"]
[BlackTeamCountry "ENG"]

1. c4 e5 2. Nc3 Nf6 3. g3 Be7 4. Bg2 0-0 5. e3 Nc6 6. Nge2 d6 7. d4 exd4 8. exd4 Bf5 9. 0-0 Qd7 10. Re1 Rfe8 11. b3 Bh3 12. Nf4 Bxg2 13. Kxg2 Bf8 14. Rxe8 Rxe8 15. Bb2 g6 16. Qd2 Bg7 17. d5 Ne5 18. Re1 a6 19. Nd3 Qf5 20. Nxe5 Rxe5 21. Rxe5 Qxe5 22. f3 Nd7 23. Nd1 1/2-1/2

[Event "BCF-chT4 0708 (4NCL)"]
[Site "England"]
[Date "2007.11.25"]
[Round "4.2"]
[White "Williamson, Kevin J"]
[Black "Green, George DA"]
[Result "1/2-1/2"]
[WhiteElo "2043"]
[BlackElo "1965"]
[PlyCount "80"]
[EventDate "2007.09.15"]
[EventType "team-swiss"]
[EventRounds "11"]
[EventCountry "ENG"]
[SourceTitle "EXT 2009"]
[Source "ChessBase"]
[SourceDate "2008.11.26"]
[SourceVersion "1"]
[SourceVersionDate "2008.11.26"]
[SourceQuality "1"]
[WhiteTeam "FCA Solutions II"]
[BlackTeam "AMCA Hippos"]
[WhiteTeamCountry "ENG"]
[BlackTeamCountry "ENG"]

1. d4 d5 2. Nc3 Bf5 3. Bg5 h6 4. Bh4 Nf6 5. f3 c6 6. Qd2 Nbd7 7. 0-0-0 Qa5 8. Kb1 e6 9. e4 dxe4 10. fxe4 Bh7 11. Bd3 Bb4 12. Re1 g5 13. Bg3 Nh5 14. Nge2 0-0-0 15. Rhf1 f5 16. exf5 exf5 17. Bf2 Ndf6 18. a3 Bd6 19. Bg1 f4 20. Nc1 Qc7 21. Bxh7 Rxh7 22. Nd3 Kb8 23. Qf2 b6 24. Re6 Re7 25. Rfe1 Rxe6 26. Rxe6 Re8 27. Rxe8+ Nxe8 28. d5 Nhf6 29. Qd4 c5 30. Qa4 Qb7 31. Nb5 Nxd5 32. Nxa7 Nef6 33. Nc6+ Kc7 34. Nce5 Bxe5 35. Nxe5 Ne7 36. Nf3 Qe4 37. Qa7+ Qb7 38. Qxb7+ Kxb7 39. Ne5 Nf5 40. b4 cxb4 1/2-1/2